000 00694nam a2200241Ia 4500
003 OSt
005 20221005114813.0
006 a|||||r|||| 00| 0
007 ta
008 221004b |||||||| |||| 00| 0 san d
024 _a27020
037 _cTextual
040 _aCRL
_cCRL
_bsan
041 _2san
_asan
082 _a12:315:M, 15F4.2
110 _aBenares Hindu University Library
_9626581
245 0 _aBenares Hindu University library catalogue
_b Sanskrit and other oriental literature
260 _c1924
650 _aBIBLIOGRAPHY
700 _aBenares Hindu University Library
_9626582
942 _h12:315:M, 15F4.2
_cTEXL
_2cc
999 _c1032478
_d1032478